00485nam a2200157Ia 450000500170000000800410001708200130005810000250007124500310009626000370012730000130016465000320017794200060020995200970021599900150031220250430052601.0240331s9999 xx 000 0 und d bWICa891 aWickramasinghe,K.D.P 0aNuthana sinhala sahithyaya aColombobM.d.Gunasena & Coc1965 a575 p ., aModern Sinhalese literature cL 001040708LaWERCLbWERCLcSSCd2024-03-31l0o 891.48 WICp884r2024-03-31w2024-03-31yL c4894d4894